000
00293nam a22001337a 4500
008
170816b xxu||||| |||| 00| 0 eng d
020
_a
002406680-X
041
_a
eng
080
_a
51
100
_a
36
101
_a
MAT
245
_a
A FIRST COURSE IN STATISTICS
_c
GORDON,M
942
_2
udc
_c
BK
999
_c
23644
_d
23644